[Event "Acropolis IM Open"]
[Site "Athens GRE"]
[Date "2004.11.18"]
[Round "3"]
[White "Rozentalis,E"]
[Black "Moutousis,K"]
[Result "1-0"]
[WhiteElo "2595"]
[BlackElo "2422"]

1.e4 g6 2.d4 Bg7 3.Nc3 d6 4.g3 b6 5.Bg2 Bb7 6.Nge2 c5 7.O-O a6 8.f4 Nd7 9.f5 Rb8
10.g4 Ngf6 11.g5 Nh5 12.Bf3 Rg8 13.Be3 Bh8 14.fxg6 hxg6 15.Bxh5 gxh5 16.Ng3 Bxd4
17.Bxd4 cxd4 18.Qxh5 Ne5 19.Nd5 Bxd5 20.exd5 Kd7 21.Rae1 Rh8 22.Qe2 b5 23.Rxf7 Qg8
24.Rf5 Qxd5 25.Qe4 Qxe4 26.Rxe4 Rbg8 27.h4 d3 28.cxd3 Nxd3 29.h5 e5 30.g6 Nxb2
31.Rg4 Nd3 32.g7 Rh7 33.h6 Rxh6 34.Rf8 Rxg7 35.Rxg7+ Kc6 36.Nf5 Re6 37.Ra8 Nc5
38.Ne7+ Kb6 39.Nd5+ Ka5 40.Rg3 Rh6 41.Ra3+ Na4 42.Rc8 Rh4 43.Rc6 b4 44.Re3 Rd4
45.Rxd6 e4 46.Nb6 Rxd6 47.Nc4+ Kb5 48.Nxd6+ Kc5 49.Nxe4+ Kd4 50.Kf2 Nb6 51.Nd2 Nd5
52.Re6  1-0

[Event "Acropolis IM Open"]
[Site "Athens GRE"]
[Date "2004.11.20"]
[Round "5"]
[White "Svetushkin,D"]
[Black "Kotrotsos,V"]
[Result "1-0"]
[WhiteElo "2568"]
[BlackElo "2291"]

1.d4 g6 2.e4 Bg7 3.Nc3 d6 4.Be3 a6 5.Qd2 Nd7 6.Nf3 b5 7.a4 b4 8.Ne2 Rb8 9.Ng3 c5
10.Bc4 cxd4 11.Bxd4 Bxd4 12.Nxd4 Qc7 13.Qe2 Qb6 14.Rd1 Ngf6 15.h4 h5 16.Nf1 Bb7
17.f3 Ne5 18.Bb3 Rc8 19.Ne3 Rc5 20.Qd2 Bxe4 21.fxe4 Nxe4 22.Qc1 Ng3 23.Rh3 Ne4
24.Nd5 Qb7 25.Qf4 f5 26.Ne6 Rc8 27.a5 Nc5 28.Nxc5 Rxc5 29.Re3 Rh7 30.Rxe5 dxe5
31.Qxe5 Kf8 32.Qe6 Rc6 33.Nc7 Kg7 34.Qxe7+  1-0

[Event "XXI WJun Women"]
[Site "Kochin IND"]
[Date "2004.11.20"]
[Round "2"]
[White "Kavitha,J"]
[Black "Vinuthna,N"]
[Result "1/2-1/2"]
[WhiteElo "2088"]
[BlackElo "2229"]

1.e4 g6 2.d4 Bg7 3.Nc3 d6 4.Be3 a6 5.Qd2 b5 6.f3 Nd7 7.O-O-O Bb7 8.Kb1 Rc8
9.g4 h6 10.h4 c5 11.dxc5 dxc5 12.Bh3 e6 13.Nge2 b4 14.Na4 Qe7 15.Qxd7+ Qxd7
16.Rxd7 Kxd7 17.Nb6+ Kc6 18.Nxc8 Bxc8 19.Nc1 c4 20.Bf1 c3 21.Nb3 cxb2 22.Nd4+ Kc7
23.Kxb2 Ne7 24.Kc1 h5 25.g5 Rd8 26.Nb3 Nc6 27.Be2 Bc3 28.Bc4 a5 29.Bb5 Bb7
30.Kb1 Ne5 31.Nxa5 Nxf3 32.Nxb7 Kxb7 33.Rf1 Nd2+ 34.Bxd2 Rxd2 35.Be8 Rd4
36.Bxf7 Rxe4 37.Rh1 Re1+ 38.Rxe1 Bxe1 39.Bxe6 Bxh4 40.Bf7 Bxg5 41.Bxg6 h4
42.Bf5 Bf6 43.Kc1 Kc6 44.Kd2 Kd5 45.Ke3 Kc4 46.Kf3 Kc3 47.Kg2 Kb2 48.Kh3 Kxa2
49.Bh7 Kb2 50.Kg2 Kc3 51.Kh3 Kd2 52.Kg2 Ke3 53.Kh3 Kf4 54.Bg6 Kg5 55.Bd3 Kh5
56.Be4 Kg5  1/2-1/2

[Event "Lushki B"]
[Site "Serpukhov RUS"]
[Date "2004.11.20"]
[Round "2"]
[White "Melnikova,Y"]
[Black "Tkachenko,Evgeny"]
[Result "1-0"]
[WhiteElo "2223"]
[BlackElo "2107"]

1.e4 g6 2.d4 Bg7 3.Nc3 d6 4.Be3 Nf6 5.Qd2 O-O 6.f3 e5 7.Nge2 exd4 8.Nxd4 d5
9.e5 Nfd7 10.Nxd5 Nxe5 11.Nb5 Na6 12.Ndxc7 Qf6 13.Nd5 Qe6 14.Be2 Rd8 15.c4 Bd7
16.Nbc7 Nxc7 17.Nxc7 Qe7 18.Nd5 Qh4+ 19.Bf2 Qh5 20.O-O Bc6 21.f4 Qh6 22.Rad1 Nd7
23.Ne7+ Kh8 24.Nxc6 bxc6 25.Bg4 Nf8 26.Qxd8 Rxd8 27.Rxd8 Bf6 28.Ra8 Kg7 29.Bc5 Ne6
30.Bxe6 fxe6 31.Bf8+  1-0

[Event "ch-ROM w KO"]
[Site "Brasov ROM"]
[Date "2004.11.21"]
[Round "1.2"]
[White "Padurariu,I"]
[Black "Sasu Ducsoara,An"]
[Result "1/2-1/2"]
[WhiteElo "2133"]
[BlackElo "2244"]

1.e4 d6 2.d4 g6 3.Nc3 Bg7 4.Bc4 a6 5.a4 Nd7 6.Nge2 c5 7.a5 cxd4 8.Nxd4 Ngf6
9.Be3 O-O 10.f3 Qc7 11.Qe2 e6 12.O-O Ne5 13.Bb3 Nfd7 14.Rfd1 Nc5 15.f4 Nxb3
16.cxb3 Nc6 17.Nxc6 bxc6 18.Bb6 Qb8 19.b4 e5 20.Qd3 exf4 21.Qxd6 Be5 22.Qxb8 Rxb8
23.Rac1 Be6 24.Rd2 f3 25.g3 f5 26.exf5 Rxf5 27.Kf2 g5 28.Re1 Rb7 29.g4 Bxc3
30.bxc3 Rd5 31.Rxd5 Bxd5 32.Re8+ Kf7 33.Rh8 Kg6 34.Bc5 Rd7 35.h3 Be4 36.Bd4 Re7
37.Rg8+ Kh6 38.Be3 Rg7 39.Rxg7 Kxg7  1/2-1/2

[Event "XXI WJun Women"]
[Site "Kochin IND"]
[Date "2004.11.22"]
[Round "6"]
[White "Korbut,E"]
[Black "Vinuthna,N"]
[Result "1-0"]
[WhiteElo "2400"]
[BlackElo "2229"]

1.e4 g6 2.d4 Bg7 3.Nc3 d6 4.f4 a6 5.Nf3 b5 6.Bd3 Nd7 7.e5 e6 8.O-O Ne7 9.Ne4 Nb6
10.Qe1 Ned5 11.a4 Nxa4 12.b3 Nab6 13.c4 bxc4 14.bxc4 f5 15.exf6 Nxf6 16.Neg5 Qe7
17.Qh4 Nbd7 18.Nxe6 Nb6 19.Nxg7+ Qxg7 20.Re1+ Kf8 21.f5 h6 22.fxg6 Bg4 23.Rf1 Nbd7
24.c5 Ke7 25.Ba3 dxc5 26.Ne5  1-0

[Event "17th Belgrade Trophy"]
[Site "Obrenovac SCG"]
[Date "2004.11.22"]
[Round "1"]
[White "Popovic,Du"]
[Black "Pantovic,D"]
[Result "1-0"]
[WhiteElo "2447"]
[BlackElo "2127"]

1.e4 g6 2.d4 Bg7 3.Nc3 d6 4.Be3 a6 5.f4 e6 6.Nf3 b5 7.Bd3 Ne7 8.e5 Bb7 9.Ne4 Nd5
10.Bd2 O-O 11.Qe2 Qe7 12.O-O-O Nd7 13.h4 h5 14.g4 hxg4 15.Nfg5 dxe5 16.fxe5 c5
17.h5 c4 18.hxg6 f5 19.Qh2 Rfc8 20.Qh7+ Kf8 21.Nxe6+ Qxe6 22.Ng5 Qg8 23.Bxf5 c3
24.Ne6+  1-0

[Event "Acropolis WGM Open"]
[Site "Athens GRE"]
[Date "2004.11.23"]
[Round "8"]
[White "Iordanidou,Z"]
[Black "Makropoulou,M"]
[Result "0-1"]
[WhiteElo "2021"]
[BlackElo "2270"]

1.e4 g6 2.d4 Bg7 3.Nc3 d6 4.Be3 c6 5.a4 a5 6.Bc4 Na6 7.Nge2 Nb4 8.O-O Nf6
9.f3 O-O 10.Nf4 e5 11.Nd3 Nd7 12.Nxb4 axb4 13.Ne2 Qe7 14.Qd2 exd4 15.Bxd4 Ne5
16.Bxe5 Qxe5 17.Qxb4 Qxb2 18.Qxb2 Bxb2 19.Ra2 Bf6 20.Rd1 Rd8 21.g3 Kf8 22.Nf4 Ke7
23.h4 Ra5 24.Nd3 Bd7 25.Bb3 Rda8 26.c4 R8a6 27.Rad2 Rb6 28.Bc2 Bc3 29.Re2 Be6
30.e5 Bxe5 31.Nxe5 dxe5 32.Rde1 Rb2 33.Bd3 Rxe2 34.Rxe2 Kd6 35.Rd2 Kc5 36.Rb2 b6
37.Re2 Rxa4 38.Rxe5+ Kd4 39.Bc2 Ra1+ 40.Kf2 Kxe5  0-1

[Event "Acropolis IM Open"]
[Site "Athens GRE"]
[Date "2004.11.23"]
[Round "8"]
[White "Skaperdas,K"]
[Black "Kotrotsos,V"]
[Result "0-1"]
[WhiteElo "2224"]
[BlackElo "2291"]

1.e4 g6 2.d4 Bg7 3.Nc3 d6 4.Be3 a6 5.Qf3 Nc6 6.O-O-O Nf6 7.e5 Nd7 8.Bc4 e6
9.exd6 cxd6 10.Ne4 O-O 11.Bg5 Qa5 12.Nf6+ Nxf6 13.Bxf6 e5 14.Ne2 Bg4 15.Qxg4 Bxf6
16.Qf3 Bg7 17.h4 exd4 18.Qd5 Qb6 19.Bd3 Rfe8 20.Ng3 Nb4 21.Qb3 Qc5 22.h5 d5
23.hxg6 hxg6 24.Rh3 b5 25.Rdh1 Nc6 26.a3 Na5 27.Qb4 Qxb4 28.axb4 Nc6 29.Nf5 gxf5
30.Rg3 Ne7 31.Rh5 Kf8 32.Rh7 Ng6 33.Bxf5 Kg8 34.Bxg6 fxg6 35.Rh4 Re6 36.f4 Kf7
37.Rhg4 Bh6 38.Rh3 Bg7 39.Rh7 Rh8 40.f5 Rf6 41.fxg6+ Rxg6 42.Rf4+ Rf6  0-1

[Event "ch-ROM w KO"]
[Site "Brasov ROM"]
[Date "2004.11.23"]
[Round "2.2"]
[White "Peptan,C"]
[Black "Dragomirescu,An"]
[Result "1/2-1/2"]
[WhiteElo "2429"]
[BlackElo "2232"]

1.e4 g6 2.d4 Bg7 3.Nc3 d6 4.Be3 a6 5.Bd3 b5 6.a3 Bb7 7.f3 Nd7 8.d5 c6 9.dxc6 Bxc6
10.Nge2 Ngf6 11.Nd4 Bb7 12.O-O Ne5 13.a4 Nc4 14.Bxc4 bxc4 15.a5 O-O 16.Qd2 Nd7
17.Rfd1 Rc8 18.Nde2 Nc5 19.Nf4 Ne6 20.Nfd5 Bxd5 21.exd5 Nc5 22.Ra2 Qc7 23.Re1 Rfe8
24.Bd4 Bxd4+ 25.Qxd4 Nd7 26.Ne4 Rb8 27.Ra4 Rbc8 28.Re2 h6 29.c3 Ne5 30.Nd2 Qc5
31.Kf1 Qb5 32.Rb4 Qxa5 33.Nxc4 Nxc4 34.Rxc4 Rxc4 35.Qxc4 Rb8 36.b4 Qb5 37.Qxb5 Rxb5
38.Rxe7 Rxd5 39.Ra7 Rd3 40.Rxa6 Rxc3 41.Rxd6 Rb3 42.Rb6 Rb2 43.Kg1 h5 44.h4 Kg7
45.Kh2 Rb3 46.Kg3 Rb2 47.b5 Rb4 48.Rb7 Kf6 49.b6 Rb3 50.Kf4 Rb4+ 51.Kg3 Rb3
52.Rb8 Rb4 53.Kh3 Rb3 54.b7 Kf5 55.g3 Rb2 56.Rc8  1/2-1/2

[Event "17th Belgrade Trophy"]
[Site "Obrenovac SCG"]
[Date "2004.11.23"]
[Round "2"]
[White "Abergel,T"]
[Black "Simov,S"]
[Result "1-0"]
[WhiteElo "2428"]
[BlackElo "2212"]

1.e4 d6 2.d4 g6 3.Nc3 Bg7 4.Bg5 c6 5.Qd2 b5 6.Nf3 a6 7.Rd1 Nd7 8.Ne2 Qc7
9.Ng3 Bb7 10.Bd3 c5 11.c3 Nb6 12.O-O O-O-O 13.b3 h5 14.h4 f6 15.Bf4 e5 16.Be3 Ne7
17.a4 c4 18.a5 Nbd5 19.exd5 cxd3 20.c4 Qd7 21.dxe5 dxe5 22.Bb6 Rdg8 23.Qxd3 bxc4
24.bxc4 g5 25.hxg5 f5 26.Nh4 e4 27.Qe3 Be5 28.f4  1-0

[Event "17th Belgrade Trophy"]
[Site "Obrenovac SCG"]
[Date "2004.11.29"]
[Round "8"]
[White "Eric,J"]
[Black "Simov,S"]
[Result "1/2-1/2"]
[WhiteElo "1991"]
[BlackElo "2212"]

1.e4 d6 2.d4 g6 3.Nc3 Bg7 4.Be2 Nf6 5.h4 c5 6.dxc5 Qa5 7.Kf1 Qxc5 8.Be3 Qa5
9.h5 gxh5 10.Nh3 Nc6 11.Nf4 Ng4 12.Rxh5 Nxe3+ 13.fxe3 Ne5 14.Qd5 Qxd5 15.exd5 Ng6
16.Nb5 Nxf4 17.exf4 Kd8 18.c3 Bd7 19.Kf2 h6 20.Rah1 a6 21.Na3 Kc7 22.Nc2 e6
23.Ne3 Rhf8 24.f5 Rae8 25.Bd3 Rg8 26.Be4 Bf6 27.dxe6 fxe6 28.fxe6 Bxe6 29.Rxh6 Bg5
30.Rh7+ Kd8 31.Nf5 Rgf8 32.g4 Bg8 33.R7h5 Bf4 34.Kf3 Be5 35.Bxb7 Kc7 36.Be4 Rb8
37.b3 Kb6 38.c4 Kc5 39.Rd1 Be6 40.Rh7 Kb4 41.Ke3 Bxf5 42.Bxf5 Ka3 43.Bb1 a5
44.Ra7 Ra8 45.Rxa8 Rxa8 46.Ke4 Kb4 47.Rd5 Bh2 48.Kf5 a4 49.Rb5+ Kc3 50.g5 Rf8+
51.Kg6 a3 52.Rd5 Bf4 53.Rd1 Rg8+ 54.Kf5 Rf8+ 55.Kg4 Be5 56.g6 Rf2  1/2-1/2

[Event "17th Belgrade Trophy"]
[Site "Obrenovac SCG"]
[Date "2004.11.30"]
[Round "9"]
[White "Vujic,M"]
[Black "Pantovic,D"]
[Result "0-1"]
[WhiteElo "2270"]
[BlackElo "2127"]

1.e4 g6 2.d4 Bg7 3.Nc3 d6 4.h4 Nf6 5.Be2 c5 6.dxc5 Qa5 7.Qd3 Qxc5 8.Be3 Qa5
9.h5 Nxh5 10.Bxh5 Bxc3+ 11.bxc3 gxh5 12.Ne2 Rg8 13.Nf4 Nc6 14.Rxh5 Ne5 15.Qd4 Rxg2
16.Kf1 Rg8 17.Nd3 Bg4 18.Rxh7 Nf3 19.Qb4 Qxb4 20.cxb4 Rc8 21.Rc1 Rc4 22.Bxa7 Rxe4
23.Be3 Nd2+ 24.Ke1 Nf3+ 25.Kf1 Nd2+ 26.Ke1 Nc4 27.Kf1 Nxe3+ 28.fxe3 Rxe3
29.Rh2 Rg6 30.Re1 Rf6+ 31.Rf2 Bh3+ 32.Kg1 Rxe1+ 33.Nxe1 Rg6+ 34.Kh2 Be6 35.a4 Rg4
36.c3 Re4 37.Ng2 Rc4 38.Rc2 d5 39.Ne3 Re4 40.Nf1 Bf5 41.Rf2 Bd7 42.a5 Bb5
43.Nd2 Re3 44.Nb1 e5 45.Na3 Bd7 46.Nb1 Ke7 47.Rb2 Bf5 48.b5 Rh3+ 49.Kg2 Rh8
50.Nd2 Rc8 51.Rb3 Kd6 52.Kf2 Ra8 53.Ra3 Bd3 54.b6 Bc4 55.Ke3 f5 56.Ra1 f4+
57.Kf3 Rg8 58.Rd1 Kc5 59.Rb1 Ra8 60.Ra1 Rf8 61.Re1 e4+ 62.Kg2 Rg8+ 63.Kh2 Ra8
64.Ra1 Rh8+ 65.Kg1 Re8 66.Rd1 Rg8+ 67.Kh2 Rg3 68.Nxc4 Kxc4 69.Rb1 Rg8 70.Rd1 f3
71.Rd4+ Kc5 72.a6 bxa6 73.b7 Rb8 74.Rb4 a5 75.Rb1 Kc6  0-1

[Event "Open"]
[Site "Porec HUN"]
[Date "2004.12.03"]
[Round "4"]
[White "Grguric,D"]
[Black "Popovic,Mir"]
[Result "1-0"]
[WhiteElo "2139"]
[BlackElo "1934"]

1.e4 d6 2.d4 g6 3.Nc3 Bg7 4.Be2 e5 5.dxe5 Bxe5 6.Nf3 Bg7 7.Bg5 f6 8.Be3 Be6
9.Qd2 Nc6 10.h4 h5 11.Bb5 Ne7 12.Nd4 Bf7 13.O-O-O a6 14.Ba4 Qd7 15.Kb1 Bc4
16.Rhe1 b5 17.Bb3 Na5 18.Bf4 Bxb3 19.axb3 Nac6 20.Nxc6 Qxc6 21.Nd5 Kf7 22.Nxe7 Kxe7
23.Qd3 Kf7 24.f3 Rae8 25.Bd2 Ra8 26.Ba5 Rab8 27.Bb4 Ra8 28.Qd2 Bh6 29.f4 Rhe8
30.Ba5 Rac8 31.Qf2 Qc5 32.Qg3 Qc6 33.e5 dxe5 34.fxe5 f5 35.Bc3 Qe6 36.Rd3 Red8
37.Red1 Rxd3 38.Rxd3 Bf8 39.Qf3 Be7 40.Qf4 Kg7 41.b4 Rd8 42.Bd2 Rxd3 43.cxd3 Kg8
44.g3 Qb3 45.Qd4 Kf7 46.Qd7 Qd1+ 47.Bc1 Qe2 48.Qd5+ Kf8 49.e6 Qe1 50.Qd7 f4
51.gxf4 Qxh4 52.Qxc7 Qf6 53.Qc8+ Kg7 54.b3 Qf8 55.Bb2+ Kh7 56.Qc7 h4 57.Be5 h3
58.f5 gxf5 59.Bd6 Qg7 60.Bxe7 f4 61.Qxf4 Qg1+ 62.Kb2 h2 63.Qf7+ Kh6 64.Qf4+ Kh5
65.Qf3+ Kg6 66.Qf7+ Kh6 67.Bf8+ Kg5 68.Be7+ Kg4 69.Qg6+ Kh3 70.Qh5+ Kg2 71.Qg4+ Kf1
72.Qd1+ Kg2 73.Qg4+ Kh1 74.Qf5 Qg2+ 75.Kc3 Qg7+ 76.Bf6 Qc7+ 77.Kb2 Qg3 78.e7 Qg2+
79.Ka3 Qe2 80.e8=Q  1-0

[Event "ch-GRE w"]
[Site "Athens GRE"]
[Date "2004.12.05"]
[Round "2"]
[White "Makka,E"]
[Black "Makropoulou,M"]
[Result "0-1"]
[WhiteElo "2087"]
[BlackElo "2270"]

1.e4 g6 2.d4 Bg7 3.Nc3 d6 4.Be3 a6 5.a4 b6 6.g3 Bb7 7.Bg2 f5 8.f3 Nf6 9.Nh3 e6
10.O-O O-O 11.Qd2 Nbd7 12.Rae1 Re8 13.Bg5 Qc8 14.Nf4 Nf8 15.Nd3 Qd7 16.e5 Nd5
17.Nxd5 Bxd5 18.Bh6 Qxa4 19.c3 Qd7 20.Bxg7 Kxg7 21.Rf2 a5 22.h4 Rad8 23.Bh1 Bc4
24.Rh2 Bxd3 25.Qxd3 dxe5 26.Rxe5 c5 27.h5 cxd4 28.c4 Qd6 29.h6+ Kg8 30.f4 Nd7
31.Rd5 exd5 32.Bxd5+ Kf8  0-1

[Event "Asian Women"]
[Site "Beirut LIB"]
[Date "2004.12.05"]
[Round "2"]
[White "Zigangirova,S"]
[Black "Malikgulyewa,A"]
[Result "1-0"]
[WhiteElo "2330"]
[BlackElo "2119"]

1.e4 g6 2.d4 Bg7 3.Nc3 d6 4.Nf3 Nf6 5.Be2 O-O 6.O-O c6 7.a4 Qc7 8.h3 Nbd7
9.Be3 h6 10.Qd2 Kh7 11.Nh2 e5 12.dxe5 dxe5 13.Rad1 Re8 14.Ng4 Nxg4 15.hxg4 g5
16.f3 Nf8 17.Kf2 Ne6 18.Rh1 Kg8 19.Bc4 Qe7 20.Ne2 Nc5 21.b3 Bxg4 22.Qd6 Qxd6
23.Rxd6 Bf8 24.Bxc5 Bxd6 25.Bxd6 Rad8 26.Bc5 Be6 27.Bxe6 Rxe6 28.Bxa7 Rd2
29.Rc1 Red6 30.Be3 Rd1 31.g4 Kg7 32.Nc3 Rxc1 33.Bxc1 Kg6 34.Ke2 h5 35.gxh5+ Kxh5
36.Nd1 g4 37.fxg4+ Kxg4 38.Ne3+ Kh5 39.Bb2 f6 40.Nf5 Rd7 41.Bc3 Kg4 42.a5  1-0

[Event "Open"]
[Site "Banja Luka BIH"]
[Date "2004.12.06"]
[Round "3"]
[White "Kosic,D"]
[Black "Narancic,V"]
[Result "1/2-1/2"]
[WhiteElo "2519"]
[BlackElo "2365"]

1.d4 g6 2.e4 Bg7 3.Nc3 d6 4.Be3 Nd7 5.Qd2 e5 6.Nf3 c6 7.a4 Ngf6 8.dxe5 dxe5
9.Bc4 Ng4 10.Bg5 f6 11.h3 fxg5 12.hxg4 h6 13.Qd6 Bf6 14.Nxg5 Qe7 15.Qxe7+ Kxe7
16.Nf7 Rf8 17.Nxh6 Bg5 18.Ng8+ Ke8 19.Rh7 Nc5 20.Nh6 Be6 21.Be2 Rd8 22.Rd1 Rxd1+
23.Bxd1 a5 24.Be2 Nd7 25.Nf5 gxf5 26.exf5 Bg8 27.Rh5 Bc1 28.b3 Nf6 29.Rh3 Ke7
30.f3 Bf7 31.Bd3 Rd8 32.Ne4 Nxe4 33.fxe4 Kf6 34.Ke2 Bg5 35.Rh1 Kg7 36.Rb1 Be7
37.Rh1 Rh8 38.Rd1 Kf6 39.Kf3 Bc5 40.Bc4 Bxc4 41.bxc4 Rh7 42.c3 Rg7 43.Rd8 Ba3
44.Re8 Be7 45.Rh8 Ba3 46.Rh6+ Kg5 47.Rh5+ Kf6 48.Rh6+ Kg5 49.Rh5+ Kf6 50.Rh6+ Kg5  1/2-1/2

[Event "Asian Women"]
[Site "Beirut LIB"]
[Date "2004.12.07"]
[Round "5"]
[White "Pourkashiyan,A"]
[Black "Malikgulyewa,A"]
[Result "1-0"]
[WhiteElo "2217"]
[BlackElo "2119"]

1.e4 g6 2.d4 Bg7 3.Nc3 d6 4.g3 Nf6 5.Bg2 Bg4 6.Nge2 Qc8 7.h3 Bd7 8.Be3 O-O
9.Qd2 Rd8 10.Bh6 Kh8 11.Qg5 Bc6 12.O-O e6 13.f4 Nh5 14.f5 exf5 15.exf5 Bf6
16.Qd2 Bxg2 17.Kxg2 c6 18.g4 gxf5 19.Rxf5 c5 20.Rxf6  1-0

[Event "Open"]
[Site "Banja Luka BIH"]
[Date "2004.12.08"]
[Round "5"]
[White "Elez,S"]
[Black "Narancic,V"]
[Result "1-0"]
[WhiteElo "2173"]
[BlackElo "2365"]

1.e4 g6 2.d4 Bg7 3.Nc3 d6 4.Nf3 Nf6 5.Be2 c6 6.a4 O-O 7.Bg5 Qc7 8.Qd2 e5
9.O-O Re8 10.d5 Nbd7 11.Bc4 Nb6 12.Bb3 Bg4 13.Ne1 cxd5 14.Bxf6 Bxf6 15.Bxd5 Be6
16.Bxe6 Rxe6 17.Nb5 Qc6 18.b3 d5 19.a5 Qxb5 20.axb6 dxe4 21.bxa7 Ra6 22.c4 Qxb3
23.Rxa6 bxa6 24.Qd5 Rxa7 25.Qxe4 Rc7 26.Qa8+ Kg7 27.Qxa6 Rxc4 28.Nf3 Qc2
29.h3 e4 30.Nh2 h5 31.Qd6 Qe2 32.Qd1 Qb2 33.Qb1 Qd2 34.Qd1 Qf4 35.Re1 Bd4
36.Qe2 Rb4 37.Qf1 f5 38.Rd1 h4 39.Qe1 Ra4 40.Nf1 Qb8 41.Qd2 Qa7 42.Qf4 Ra2
43.Ne3 Ra1 44.Rxa1 Qxa1+ 45.Nf1 Bf6 46.Qc7+ Kf8 47.Qh7 Qc1 48.Qxg6 Qg5 49.Qh7 Bd4
50.Qd7 Qf6 51.Qb7 Qe5 52.Qd7 Qf6 53.Qc7 Bb6 54.Qf4 Ke7 55.Nd2 Kf7 56.Nc4 Bd4
57.Qc7+ Kg6 58.Qd7 Bc5 59.Qe8+ Kh6 60.Ne5 Be7 61.Qb8 Kg7 62.g4 hxg3 63.fxg3  1-0

[Event "Open"]
[Site "Banja Luka BIH"]
[Date "2004.12.10"]
[Round "7"]
[White "Rmus,A"]
[Black "Narancic,V"]
[Result "1-0"]
[WhiteElo "2359"]
[BlackElo "2365"]

1.e4 g6 2.d4 Bg7 3.Nc3 d6 4.h3 Nf6 5.Nf3 O-O 6.Bg5 c6 7.a4 Nbd7 8.Qd2 Qc7
9.Rd1 Re8 10.Bc4 a6 11.Bh6 e6 12.Bxg7 Kxg7 13.O-O b5 14.Bd3 Bb7 15.Rfe1 e5
16.axb5 cxb5 17.d5 Reb8 18.Ra1 Bc8 19.Ra2 b4 20.Na4 a5 21.Qe3 Ba6 22.b3 Bb5
23.Nb2 Nc5 24.Nd2 Nfd7 25.Bxb5 Rxb5 26.Rea1 Rb7 27.Ndc4 Rba7 28.Nd3 Nxd3
29.cxd3 f6 30.f4 Ra6 31.fxe5 fxe5 32.Rf2 Rf8 33.Raf1 h6 34.d4 Raa8 35.Rxf8 Rxf8
36.Rxf8 Nxf8 37.dxe5 dxe5 38.d6 Qd8 39.Qa7+ Kf6 40.Qc5 Nd7 41.Qc7 Qe8 42.Qxa5 Qb8
43.Qc7 Ke6 44.Nxe5 Kxe5 45.Qxd7 Qb6+ 46.Kh2 Qxd6 47.Qxd6+ Kxd6 48.Kg3 Ke5
49.Kf3 Kd4 50.g3 g5 51.g4  1-0

[Event "Asian Women"]
[Site "Beirut LIB"]
[Date "2004.12.11"]
[Round "9"]
[White "Pourkashiyan,A"]
[Black "Meenakshi,S"]
[Result "0-1"]
[WhiteElo "2217"]
[BlackElo "2307"]

1.e4 g6 2.d4 Bg7 3.Nc3 d6 4.g3 Nc6 5.Be3 e5 6.d5 Nce7 7.Bg2 Nf6 8.h3 O-O
9.Nge2 c6 10.g4 cxd5 11.exd5 Bd7 12.Qd2 b5 13.Ng3 Qc7 14.O-O Rac8 15.Rac1 b4
16.Nce2 Bb5 17.Rfd1 Nd7 18.Qxb4 Bxe2 19.Nxe2 f5 20.Bg5 Nc5 21.Qd2 f4 22.Nc3 h6
23.Bxe7 Qxe7 24.b4 Nd7 25.Ne4 f3 26.Bf1 Rf4 27.Qe3 h5 28.g5 Rcf8 29.c4 Rxe4
30.Qxe4 Qxg5+ 31.Kh1 Rf4 32.Qe3 Qf5 33.Bg2 e4 34.Kg1 fxg2 35.Re1 Ne5 36.Kxg2 Nf3
37.Red1 Nh4+ 38.Kf1 Rf3 39.Qxa7 e3 40.Qb8+ Kh7  0-1

[Event "III Pereyra Mem"]
[Site "Mendoza ARG"]
[Date "2004.12.12"]
[Round "3"]
[White "Van Riemsdijk,H"]
[Black "Tristan,L"]
[Result "1-0"]
[WhiteElo "2423"]
[BlackElo "2190"]

1.e4 g6 2.d4 Bg7 3.Nc3 d6 4.g3 Nf6 5.Bg2 O-O 6.Bf4 Na6 7.Qd2 c5 8.d5 Nc7
9.a4 b6 10.Nge2 Rb8 11.O-O a6 12.Rab1 b5 13.axb5 axb5 14.b4 Na6 15.bxc5 Nxc5
16.Nd4 b4 17.Na2 Nfxe4 18.Qe3 Qa5 19.Nxb4 Rxb4 20.Nc6 Rxb1 21.Nxa5 Rxf1+
22.Bxf1 Bf6 23.Bh6 Rd8 24.Nc6 Re8 25.Bg2 Nc3 26.Bg5 Bxg5 27.Qxg5 e6 28.Ne7+ Kg7
29.Nxc8 Rxc8 30.dxe6 Nxe6 31.Qd2 d5 32.h4 d4 33.h5 f5 34.Qd3 Kf6 35.Qa6 Rc7
36.Qa8 Ke5 37.Bb7 Ne2+ 38.Kf1 Rxc2 39.Qh8+ Kd6 40.Ba6 Nc3 41.Qxh7 Ne4 42.Qxg6 Rxf2+
43.Ke1 Ke5 44.h6 Ra2 45.Bc4 Ra1+ 46.Ke2 N6g5 47.Qg7+  1-0

[Event "Master Open"]
[Site "Singapore SIN"]
[Date "2004.12.12"]
[Round "2"]
[White "Zhang Pengxiang"]
[Black "Mahmud,S"]
[Result "1-0"]
[WhiteElo "2519"]
[BlackElo "2343"]

1.e4 d6 2.d4 g6 3.Nc3 Bg7 4.Be3 Nf6 5.f3 c6 6.Qd2 b5 7.Nge2 Qc7 8.Bh6 Bxh6
9.Qxh6 Nbd7 10.g4 b4 11.Nd1 Qa5 12.Qd2 h5 13.g5 Nh7 14.h4 c5 15.Ne3 O-O 16.Bg2 Ba6
17.d5 Qb6 18.f4 Rfe8 19.O-O Nhf8 20.Rfe1 Rab8 21.Kh2 c4 22.Nd4 Qc5 23.c3 bxc3
24.bxc3 Qc7 25.Nec2 Nc5 26.Nb4 Bc8 27.Qe2 a5 28.Nbc6 Nd3 29.Nxb8 Bg4 30.Na6 Qa7
31.Qe3 Nxe1 32.Rxe1 Qxa6 33.e5 e6 34.exd6 Qxd6 35.Nb5 Qb8 36.a4 e5 37.d6 Re6
38.fxe5  1-0

[Event "ch-IND"]
[Site "Visakhapatnam IND"]
[Date "2004.12.16"]
[Round "17"]
[White "Neelotpal,D"]
[Black "Koneru,H"]
[Result "0-1"]
[WhiteElo "2458"]
[BlackElo "2503"]

1.e4 g6 2.d4 Bg7 3.Nc3 d6 4.Be3 a6 5.Bd3 Nd7 6.Qd2 b5 7.Nf3 Bb7 8.a4 b4 9.Ne2 c5
10.c3 bxc3 11.bxc3 cxd4 12.cxd4 Nc5 13.Ng3 Nxd3+ 14.Qxd3 a5 15.Qb5+ Qd7 16.O-O Nf6
17.Qxd7+ Kxd7 18.d5 e6 19.Rab1 Rhb8 20.dxe6+ fxe6 21.e5 Ng4 22.Rb6 Bc6 23.Rc1 Rxb6
24.Bxb6 Ra6 25.Bd4 Bxf3 26.gxf3 Nxe5 27.Kg2 Nd3 28.Rd1 Nf4+ 29.Kf1 Bxd4 30.Rxd4 e5
31.Rd1 Rc6 32.Ne4 d5 33.Nd2 Rc2 34.Nb3 Ra2 35.Nxa5 Rxa4 36.Nb3 Ra3 37.Nd2 Ke6
38.Rb1 Ra2 39.Rd1 Kf5 40.Nb3 Ra3 41.Nd2 h5 42.Ke1 Ra2 43.Kf1 Rb2 44.Nb1 Rc2
45.Ke1 Ke6 46.Kf1 Kd6 47.Na3 Rc5 48.Ke1 Ke6 49.Kd2 Nh3 50.Ke2 Rc3 51.Nb5 Nf4+
52.Kf1 Rxf3 53.Ra1 Rb3 54.Na3 Rb2 55.Rc1 Rxf2+  0-1

[Event "III Pereyra Mem"]
[Site "Mendoza ARG"]
[Date "2004.12.17"]
[Round "9"]
[White "Elias,L"]
[Black "Tristan,L"]
[Result "0-1"]
[WhiteElo "1947"]
[BlackElo "2190"]

1.e4 g6 2.d4 Bg7 3.Nc3 d6 4.Nf3 Nf6 5.Be2 O-O 6.O-O c5 7.d5 Na6 8.Re1 Nc7
9.a4 b6 10.Nd2 Rb8 11.f4 e6 12.Bf3 Bb7 13.Nc4 exd5 14.exd5 Nfxd5 15.Nb5 Nxb5
16.axb5 Nc7 17.Bxb7 Rxb7 18.Qxd6 Nxb5 19.Qc6 Re7 20.Be3 Nd4 21.Bxd4 Qxd4+  0-1

[Event "ch-Marshall CC"]
[Site "New York USA"]
[Date "2004.12.17"]
[Round "7"]
[White "Thaler,Mi"]
[Black "Treger,E"]
[Result "1/2-1/2"]
[WhiteElo "2093"]
[BlackElo "2233"]

1.e4 g6 2.d4 Bg7 3.Nc3 d6 4.Be3 c6 5.Qd2 b5 6.Bd3 Nd7 7.f4 Nb6 8.Qe2 Rb8
9.Nb1 Na4 10.b3 Nb2 11.Nf3 Bg4 12.O-O Nxd3 13.Qxd3 Bxf3 14.Rxf3 d5 15.f5 dxe4
16.Qxe4 Rc8 17.Nc3 Nf6 18.Qh4 Nd5 19.Nxd5 cxd5 20.Bh6 Bf6 21.Bg5 Bxg5 22.Qxg5 Qb6
23.Re3 O-O 24.fxg6 hxg6 25.c3 b4 26.Rh3 Rxc3 27.Rh4 Qf6 28.Qh6 Qg7 29.Qg5 Rfc8
30.Qxe7 a5 31.Re1 Rc1 32.Rxc1 Rxc1+ 33.Kf2 Rc8 34.g3 Qf8 35.Qf6  1/2-1/2

[Event "Amplico AIG Life"]
[Site "Warsaw POL"]
[Date "2004.12.18"]
[Round "2"]
[White "Volokitin,And"]
[Black "Lukaszewski,M"]
[Result "1-0"]
[WhiteElo "2652"]
[BlackElo "2244"]

1.e4 g6 2.d4 Bg7 3.Nc3 d6 4.Be3 Nd7 5.Qd2 a6 6.h4 h5 7.Nh3 c5 8.dxc5 Nxc5
9.Ng5 Ne6 10.Nd5 Nxg5 11.hxg5 Kf8 12.Bb6 Qd7 13.O-O-O Qc6 14.Bd4 Bxd4 15.Qxd4 e5
16.Qb6 Bd7 17.Qb4 Rd8 18.Rd3 Ne7 19.Nf6 Be8 20.Rc3 Qa4 21.Qb6  1-0

[Event "Open"]
[Site "Pamplona ESP"]
[Date "2004.12.26"]
[Round "6"]
[White "Barrenechea Bahamonde,G"]
[Black "Conquest,S"]
[Result "0-1"]
[WhiteElo "2134"]
[BlackElo "2488"]

1.e4 g6 2.d4 Bg7 3.Nc3 d6 4.Nf3 a6 5.a4 b6 6.Be3 Nd7 7.Bc4 e6 8.Qd2 Bb7 9.d5 e5
10.O-O h6 11.h3 f5 12.exf5 gxf5 13.Rae1 Ne7 14.Nh4 Bf6 15.Qd1 Kf8 16.Nf3 Qe8
17.Nh2 f4 18.Bc1 Rg8 19.Ng4 Bg7 20.Qf3 Qf7 21.g3 h5 22.Nh2 Nf5 23.Ne4 Bh8
24.c3 Nc5 25.Nxc5 bxc5 26.g4 Re8 27.Re4 Nh4 28.Qd3 hxg4 29.hxg4 Bf6 30.f3 a5
31.Rf2 Re7 32.Kf1 Qg6 33.Ke2 Rh7 34.Rxf4 exf4  0-1

[Event "34th Rilton Cup"]
[Site "Stockholm SWE"]
[Date "2004.12.27"]
[Round "1"]
[White "Alquist,E"]
[Black "Nouro,M"]
[Result "0-1"]
[WhiteElo "2095"]
[BlackElo "2361"]

1.e4 g6 2.d4 Bg7 3.Nc3 d6 4.Be3 a6 5.Qd2 b5 6.Bd3 Nd7 7.Nf3 Bb7 8.a4 c6 9.O-O e5
10.dxe5 dxe5 11.Rfd1 Ngf6 12.Bg5 Qe7 13.axb5 axb5 14.Rxa8+ Bxa8 15.Nxb5 cxb5
16.Bxb5 O-O 17.Bxd7 Rd8 18.Qa5 Bxe4 19.Nxe5 h6 20.Bxf6 Bxf6 21.Ng4 Bg7 22.Qc7 Bf5
23.Ne3 Rxd7 24.Qc8+ Qf8 25.Qxf8+ Kxf8 26.Rxd7 Bxd7 27.c3 Ke7 28.Kf1 Kd6 29.Ke2 f5
30.g3 Bc6 31.Kd3 Kc5 32.Kc2 Be4+ 33.Kb3 g5 34.Ka3 f4 35.b4+ Kc6 36.gxf4 gxf4
37.Nd1 Bc2 38.Nb2 Bxc3 39.Nc4 Bd4 40.f3 Bd1  0-1

[Event "34th Rilton Cup"]
[Site "Stockholm SWE"]
[Date "2004.12.27"]
[Round "1"]
[White "Ozga,M"]
[Black "Norberg,J"]
[Result "0-1"]
[WhiteElo "1911"]
[BlackElo "2195"]

1.e4 g6 2.d4 Bg7 3.Nc3 d6 4.Be3 a6 5.f3 b5 6.Qd2 Nd7 7.g4 Bb7 8.h4 h5 9.Bg2 e5
10.Bg5 Ne7 11.Nce2 exd4 12.Nxd4 Ne5 13.gxh5 Nc4 14.Qf2 Rxh5 15.c3 c5 16.Nb3 b4
17.O-O-O bxc3 18.bxc3 Bxc3 19.Ne2 Bb2+ 20.Kc2 Bg7 21.Nf4 Rh8 22.h5 Na3+ 23.Kc1 c4
24.h6 Be5 25.Nd4 Qa5 26.Qd2 c3 27.Qd3 Nb5 28.Nxb5 axb5 29.Nd5 Qa3+ 30.Kc2 Qb2+  0-1